LIBRARY & INFORMATION CENTRE, KCAET, TAVANUR

ONLINE PUBLIC ACCESS CATALOGUE (OPAC)

Practical mechanics for all: illustrated / (Record no. 7508)

MARC details
000 -LEADER
fixed length control field 00429cam a2200169ua 4500
041 ## - LANGUAGE CODE
Language code of text/sound track or separate title eng
082 ## - DEWEY DECIMAL CLASSIFICATION NUMBER
Classification number 531
Item number BEA/PR
100 ## - MAIN ENTRY--AUTHOR NAME
Personal name Beaufoy, Leroy A .
245 00 - TITLE STATEMENT
Title Practical mechanics for all: illustrated /
260 ## - PUBLICATION, DISTRIBUTION, ETC. (IMPRINT)
Place of publication London :
Name of publisher Odhams Press Ltd. ,
Year of publication 1958.
300 ## - PHYSICAL DESCRIPTION
Number of Pages 448 ; .
942 ## - ADDED ENTRY ELEMENTS (KOHA)
Koha item type Books
Holdings
Withdrawn status Lost status Damaged status Home library Current library Date acquired Full call number Accession Number Koha item type
      KAUAET KAUAET 07/04/2012 531 BEA/PR 2684 Books
free website counter